000 00646nas a2200229 4500
001 BR8107774
003 BR-BrBNA
005 20231205084918.0
007 ta
008 230509b bl.|||p| |||| 00| 00por d
040 _aBR-BrBNA
_bpor
_cBiblioteca Nacional de Agricultura
041 _a(Pt)
072 _aE15; F00
100 1 _aSilva, C.A.
245 1 _aBalanco e perspectivas de seu desempenho no Brasil
650 _aSEGURO RURAL
650 _aPLANTIO
650 _aCOLHEITA
773 0 _tRural (Brazil)
_xISSN 0101-8809
_g(Mar 1981), v. 60(575) p. 18-21
_wBR8107774
909 _a202311
_bLúcia
_c55
_dLúcia Elande
942 _2AGRIS
_n0
_cANA
999 _c108074
_d108074